[Event "Pohár města Říčany 2018"]
[Site "Městské kulturní středisko U labutě"]
[Date "2018.08.25"]
[Round "2.1"]
[White "Plat, Vojtech"]
[Black "Simecek, Bohumil"]
[Result "1-0"]
[WhiteElo "2523"]
[BlackElo "2079"]
[PlyCount "0"]
[EventDate "2018.08.25"]

1. e4 {[%clk 01:21:34]} {[%emt 15:18:00]} c6 {[%clk 01:29:30]} 2. d4 {[%clk
01:21:58]} d5 {[%clk 01:29:53]} 3. exd5 cxd5 {[%clk 01:30:15]} 4. Bd3 {[%clk
01:22:52]} Nc6 {[%clk 01:30:15]} 5. c3 {[%clk 01:23:16]} Nf6 {[%clk 01:30:38]}
6. Bf4 {[%clk 01:23:41]} Bg4 {[%clk 01:29:08]} 7. Qb3 {[%clk 01:24:06]} Qd7
{[%clk 01:26:57]} 8. Nd2 {[%clk 01:24:16]} e6 {[%clk 01:24:29]} 9. Ngf3 {[%clk
01:24:29]} Bxf3 10. Nxf3 {[%clk 01:16:15]} Bd6 {[%clk 01:12:34]} 11. Bxd6
{[%clk 01:16:15]} Qxd6 {[%clk 01:12:45]} 12. Qxb7 {[%clk 01:13:56]} O-O {[%clk
01:09:19]} {[%emt 00:03:36]} 13. Qa6 {[%clk 01:11:43]} {[%emt 00:02:42]} Rab8
{[%clk 01:03:01]} {[%emt 00:10:56]} 14. O-O {[%clk 01:12:02]} Rb6 {[%clk
00:57:17]} {[%emt 00:02:19]} 15. Qa4 {[%clk 01:04:51]} {[%emt 00:07:39]} Rxb2
{[%clk 00:55:00]} {[%emt 00:02:49]} 16. Rab1 {[%clk 01:05:13]} {[%emt
00:00:07]} Rfb8 {[%clk 00:51:49]} {[%emt 00:03:42]} 17. Rxb2 {[%clk 01:04:38]}
{[%emt 00:01:05]} Rxb2 {[%clk 00:52:00]} {[%emt 00:00:18]} 18. Bb5 {[%clk
01:04:10]} {[%emt 00:00:57]} Nb8 {[%clk 00:50:10]} {[%emt 00:02:21]} 19. Ne5
{[%clk 01:03:37]} {[%emt 00:01:02]} a6 {[%clk 00:44:20]} {[%emt 00:06:20]} 20.
Bd3 {[%clk 01:03:45]} {[%emt 00:00:22]} Nfd7 {[%clk 00:36:50]} {[%emt
00:08:01]} 21. c4 {[%clk 01:00:04]} {[%emt 00:04:11]} Nxe5 {[%clk 00:21:37]}
{[%emt 00:15:43]} 22. dxe5 {[%clk 01:00:26]} {[%emt 00:00:07]} Qc6 {[%clk
00:15:12]} {[%emt 00:06:56]} 23. Qa3 {[%clk 01:00:51]} {[%emt 00:00:05]} Rb6
{[%clk 00:12:22]} {[%emt 00:03:20]} 24. Rc1 {[%clk 00:59:40]} {[%emt 00:01:41]}
dxc4 {[%clk 00:09:02]} {[%emt 00:03:51]} 25. Bxc4 {[%clk 01:00:02]} {[%emt
00:00:07]} Qb7 {[%clk 00:08:23]} {[%emt 00:01:08]} 26. Qd3 {[%clk 01:00:17]}
{[%emt 00:00:15]} g6 {[%clk 00:07:26]} {[%emt 00:01:28]} 27. Qd8+ {[%clk
00:57:54]} {[%emt 00:02:53]} Kg7 {[%clk 00:07:47]} {[%emt 00:00:09]} 28. Bb3
{[%clk 00:58:22]} {[%emt 00:00:02]} Rc6 {[%clk 00:05:12]} {[%emt 00:03:05]} 29.
Rd1 {[%clk 00:58:41]} {[%emt 00:00:10]} Rc8 {[%clk 00:05:36]} {[%emt 00:00:06]}
30. Qf6+ {[%clk 00:59:05]} {[%emt 00:00:05]} Kg8 {[%clk 00:05:36]} {[%emt
00:00:32]} 31. h4 {[%clk 00:59:27]} {[%emt 00:00:07]} Nd7 {[%clk 00:04:51]}
{[%emt 00:01:14]} 32. Qg5 {[%clk 00:59:14]} {[%emt 00:00:43]} Nc5 {[%clk
00:01:22]} {[%emt 00:04:00]} 33. Bc2 {[%clk 00:59:24]} {[%emt 00:00:20]} Ne4
{[%clk 00:01:08]} {[%emt 00:00:45]} 34. Rd8+ {[%clk 00:59:48]} {[%emt
00:00:05]} Rxd8 {[%clk 00:01:27]} {[%emt 00:00:11]} 35. Qxd8+ {[%clk 01:00:17]}
Kg7 {[%clk 00:01:37]} {[%emt 00:00:20]} 36. Qd4 {[%clk 01:00:45]} {[%emt
00:00:01]} f5 {[%clk 00:01:19]} {[%emt 00:00:49]} 37. exf6+ {[%clk 01:00:45]}
{[%emt 00:00:29]} Nxf6 {[%clk 00:01:47]} {[%emt 00:00:02]} 38. Bb3 {[%clk
01:01:02]} {[%emt 00:00:12]} Kf7 {[%clk 00:01:46]} {[%emt 00:00:32]} 39. Qd6
{[%clk 00:59:50]} {[%emt 00:01:42]} Nd5 {[%clk 00:00:42]} {[%emt 00:01:36]} 40.
h5 {[%clk 01:00:16]} {[%emt 00:00:04]} Qc7 {[%clk 00:00:41]} {[%emt 00:00:30]}
41. hxg6+ {[%clk 01:00:41]} {[%emt 00:00:05]} hxg6 {[%clk 00:01:10]} {[%emt
00:00:01]} 42. Qxa6 {[%clk 01:00:57]} {[%emt 00:00:14]} Qc1+ {[%clk 00:00:53]}
{[%emt 00:00:47]} 43. Qf1 {[%clk 01:01:21]} {[%emt 00:00:05]} Qb2 {[%clk
00:00:53]} {[%emt 00:00:30]} 44. Qd1 {[%clk 01:01:25]} {[%emt 00:00:26]} Qe5
{[%clk 00:00:52]} {[%emt 00:00:32]} 45. g3 {[%clk 01:01:20]} {[%emt 00:00:35]}
Nc3 {[%clk 00:00:45]} {[%emt 00:00:37]} 46. Qf3+ {[%clk 01:01:18]} {[%emt
00:00:31]} Kg7 {[%clk 00:01:03]} {[%emt 00:00:13]} 47. Kg2 {[%clk 01:01:34]}
{[%emt 00:00:14]} Qe1 {[%clk 00:00:44]} {[%emt 00:00:49]} 48. Bxe6 {[%clk
01:01:06]} {[%emt 00:00:58]} 1-0

[Event "Pohár města Říčany 2018"]
[Site "Městské kulturní středisko U labutě"]
[Date "2018.08.25"]
[Round "2.2"]
[White "Koubova, Anna Marie"]
[Black "Pulpan, Jakub"]
[Result "*"]
[WhiteElo "2086"]
[BlackElo "2400"]
[PlyCount "0"]
[EventDate "2018.08.25"]

1. d4 Nf6 2. c4 e6 3. Nf3 d5 4. g3 Be7 5. Bg2 O-O 6. O-O dxc4 7. Qa4 a6 8. Qxc4
b5 9. Qc2 Bb7 10. Rd1 Ra7 11. Bf4 Nbd7 12. Ne5 Bxg2 {[%emt 00:00:33]} 13. Kxg2
{[%emt 00:00:06]} Nxe5 {[%emt 00:01:05]} 14. Bxe5 {[%emt 00:01:09]} Qa8+ {[%emt
00:00:49]} 15. Kg1 {[%emt 00:00:33]} Rc8 {[%emt 00:12:59]} 16. Bxf6 Bxf6 {[%emt
00:00:08]} 17. b4 {[%emt 00:03:50]} a5 {[%emt 00:07:22]} 18. Nc3 {[%emt
00:01:53]} axb4 {[%emt 00:04:12]} 19. Ne4 {[%emt 00:01:25]} Be7 {[%emt
00:00:56]} 20. Nc5 {[%emt 00:04:21]} Ra3 {[%emt 00:03:19]} 21. Rd3 {[%emt
00:03:59]} Bxc5 {[%emt 00:13:26]} 22. Rxa3 {[%emt 00:13:24]} Qxa3 {[%emt
00:00:34]} 23. Qxc5 {[%emt 00:00:21]} c6 {[%emt 00:04:45]} 24. e4 {[%emt
00:03:15]} Qd3 {[%emt 00:08:24]} 25. Qxb4 {[%emt 00:03:43]} Qxe4 {[%emt
00:00:08]} 26. Rc1 {[%emt 00:00:42]} h5 {[%emt 00:02:15]} 27. h4 {[%emt
00:04:26]} Rd8 {[%emt 00:13:40]} 28. Rd1 {[%emt 00:02:38]} e5 {[%emt 00:01:46]}
29. Qe7 {[%emt 00:00:45]} Qd5 {[%emt 00:00:17]} 0-1

[Event "Pohár města Říčany 2018"]
[Site "Městské kulturní středisko U labutě"]
[Date "2018.08.25"]
[Round "2.3"]
[White "Vojta, Tomas"]
[Black "Pacl, Vaclav"]
[Result "*"]
[WhiteElo "2348"]
[BlackElo "2033"]
[PlyCount "0"]
[EventDate "2018.08.25"]

1. e4 {[%emt 13:53:26]} c6 2. d4 d5 3. e5 Bf5 4. Nc3 Qb6 5. g4 Bd7 6. Na4 Qc7 7.
c3 e6 8. f4 c5 9. Nxc5 Bxc5 10. dxc5 Qxc5 11. Nf3 {[%emt 00:00:36]} Nc6 {[%emt
00:02:04]} 12. Bd3 {[%emt 00:11:19]} Nge7 {[%emt 00:18:51]} 13. Qe2 {[%emt
00:02:31]} d4 {[%emt 00:03:25]} 14. Qf2 {[%emt 00:08:55]} Qd5 {[%emt 00:06:36]}
15. c4 {[%emt 00:03:36]} Nb4 {[%emt 00:03:55]} 16. Qe2 {[%emt 00:03:32]} Qc5
{[%emt 00:00:43]} 17. Bd2 {[%emt 00:02:27]} a5 {[%emt 00:01:57]} 18. a3 {[%emt
00:05:18]} Nxd3+ {[%emt 00:00:41]} 19. Qxd3 {[%emt 00:00:02]} Nc6 {[%emt
00:03:10]} 20. Ng5 {[%emt 00:04:02]} Qe7 {[%emt 00:05:12]} 21. O-O-O {[%emt
00:01:45]} f6 {[%emt 00:02:21]} 22. exf6 {[%emt 00:06:34]} gxf6 {[%emt
00:00:14]} 23. Ne4 {[%emt 00:00:10]} O-O-O {[%emt 00:04:25]} 24. Kb1 {[%emt
00:01:26]} Be8 {[%emt 00:00:37]} 25. Rhf1 {[%emt 00:01:51]} Bg6 {[%emt
00:00:32]} 26. Rde1 {[%emt 00:01:59]} f5 {[%emt 00:01:09]} 27. Ng5 {[%emt
00:03:49]} fxg4 {[%emt 00:00:19]} 28. f5 {[%emt 00:00:11]} Bh5 {[%emt
00:02:28]} 29. Nxe6 {[%emt 00:04:23]} Rde8 {[%emt 00:02:30]} 30. Ka1 {[%emt
00:01:05]} h6 {[%emt 00:01:27]} 31. Bf4 {[%emt 00:03:12]} Qf6 {[%emt 00:00:20]}
32. Bg3 {[%emt 00:01:27]} Bf7 {[%emt 00:01:08]} 33. Nc7 {[%emt 00:02:52]} Rxe1+
{[%emt 00:00:56]} 34. Rxe1 {[%emt 00:00:01]} Rd8 {[%emt 00:00:50]} 35. Nb5
{[%emt 00:00:15]} Bh5 {[%emt 00:02:49]} 36. Re6 {[%emt 00:02:45]} Qg5 {[%emt
00:00:02]} 37. Re1 {[%emt 00:01:28]} Qf6 {[%emt 00:00:14]} 38. Qe4 {[%emt
00:01:29]} Bf7 {[%emt 00:00:13]} 39. Qf4 {[%emt 00:00:33]} Rd7 {[%emt
00:00:50]} 40. Nd6+ {[%emt 00:02:14]} Kd8 {[%emt 00:00:04]} 41. c5 {[%emt
00:00:35]} h5 {[%emt 00:01:09]} 42. Qf2 {[%emt 00:00:25]} Qg7 {[%emt 00:01:59]}
43. Bh4+ {[%emt 00:00:32]} Kc7 {[%emt 00:00:04]} 44. Qf4 {[%emt 00:00:25]} 1-0

[Event "Pohár města Říčany 2018"]
[Site "Městské kulturní středisko U labutě"]
[Date "2018.08.25"]
[Round "2.4"]
[White "Pycha, Patrik"]
[Black "Kulhanek, Tomas"]
[Result "*"]
[WhiteElo "2049"]
[BlackElo "2314"]
[PlyCount "0"]
[EventDate "2018.08.25"]

1. e4 {[%clk 01:30:57]} {[%emt 14:50:02]} c5 {[%clk 01:30:45]} 2. Nc3 {[%clk
01:30:25]} Nc6 {[%clk 01:30:59]} 3. g3 {[%clk 01:30:35]} g6 {[%clk 01:31:14]} 4.
Bg2 {[%clk 01:30:27]} Bg7 {[%clk 01:31:40]} 5. Nge2 {[%clk 01:30:11]} d6 {[%clk
01:31:54]} 6. a3 {[%clk 01:29:11]} Rb8 {[%clk 01:31:12]} 7. Rb1 {[%clk
01:28:28]} e6 {[%clk 01:29:41]} 8. b4 {[%clk 01:27:49]} Nge7 {[%clk 01:29:27]}
9. O-O {[%clk 01:26:40]} O-O {[%clk 01:29:31]} 10. d3 {[%clk 01:22:03]} Nd4
{[%clk 01:26:00]} 11. Nxd4 {[%clk 01:18:16]} cxd4 {[%clk 01:23:52]} 12. Ne2
{[%clk 01:18:32]} d5 {[%clk 01:23:28]} 13. Bb2 {[%clk 01:14:43]} dxe4 {[%clk
01:22:31]} 14. dxe4 {[%clk 01:13:51]} e5 {[%clk 01:22:12]} 15. c3 {[%clk
01:09:50]} d3 {[%clk 01:04:08]} {[%emt 00:17:14]} 16. Nc1 {[%clk 01:10:07]} d2
{[%clk 01:04:18]} 17. Nb3 {[%clk 01:05:38]} {[%emt 00:04:03]} Bh6 {[%clk
01:03:20]} {[%emt 00:01:28]} 18. c4 {[%clk 01:00:47]} {[%emt 00:05:21]} Be6
{[%clk 00:58:19]} {[%emt 00:05:31]} 19. Bxe5 {[%clk 00:53:17]} {[%emt
00:08:00]} Bxc4 {[%clk 00:54:05]} {[%emt 00:04:44]} 20. Bxb8 {[%clk 00:51:35]}
{[%emt 00:02:12]} Bxf1 {[%clk 00:52:33]} {[%emt 00:02:03]} 21. Bxf1 {[%clk
00:27:05]} {[%emt 00:25:00]} Qxb8 {[%clk 00:52:26]} {[%emt 00:00:36]} 22. Qe2
{[%clk 00:25:00]} {[%emt 00:02:35]} Rd8 {[%clk 00:48:29]} {[%emt 00:04:28]} 23.
Rd1 {[%clk 00:24:24]} {[%emt 00:01:06]} Qc7 {[%clk 00:48:25]} {[%emt 00:00:34]}
24. Qc4 {[%clk 00:17:57]} {[%emt 00:06:57]} Qxc4 {[%clk 00:47:58]} {[%emt
00:00:57]} 25. Bxc4 {[%clk 00:18:21]} {[%emt 00:00:06]} Rc8 {[%clk 00:48:21]}
{[%emt 00:00:07]} 26. Be2 {[%clk 00:18:37]} {[%emt 00:00:14]} f5 {[%clk
00:35:25]} {[%emt 00:13:27]} 27. e5 {[%clk 00:08:14]} {[%emt 00:10:52]} Rc2
{[%clk 00:24:26]} {[%emt 00:11:29]} 28. f4 {[%clk 00:07:19]} {[%emt 00:01:26]}
g5 {[%clk 00:24:31]} {[%emt 00:00:24]} 29. Rxd2 {[%clk 00:07:24]} {[%emt
00:00:25]} Rxd2 {[%clk 00:24:57]} {[%emt 00:00:04]} 30. Nxd2 {[%clk 00:07:47]}
{[%emt 00:00:07]} gxf4 {[%clk 00:25:25]} {[%emt 00:00:03]} 31. gxf4 {[%clk
00:08:08]} {[%emt 00:00:09]} Bxf4 {[%clk 00:25:45]} {[%emt 00:00:08]} 32. Nc4
{[%clk 00:05:15]} {[%emt 00:03:24]} Kf7 {[%clk 00:21:19]} {[%emt 00:04:56]} 33.
Nd6+ {[%clk 00:02:14]} {[%emt 00:03:31]} Ke6 {[%clk 00:21:40]} {[%emt
00:00:10]} 34. Nxb7 {[%clk 00:02:31]} {[%emt 00:00:12]} Kxe5 {[%clk 00:22:03]}
{[%emt 00:00:06]} 35. Nc5 {[%clk 00:01:22]} {[%emt 00:01:40]} Be3+ {[%clk
00:12:59]} {[%emt 00:09:34]} 36. Kg2 {[%clk 00:01:45]} {[%emt 00:00:07]} Bxc5
{[%clk 00:13:24]} {[%emt 00:00:05]} 37. bxc5 {[%clk 00:02:11]} {[%emt
00:00:04]} Kd5 {[%clk 00:13:50]} {[%emt 00:00:04]} 38. Kf3 {[%clk 00:01:40]}
{[%emt 00:01:01]} Kxc5 {[%clk 00:12:08]} {[%emt 00:02:12]} 39. Kf4 {[%clk
00:01:36]} {[%emt 00:00:34]} Kd5 {[%clk 00:08:41]} {[%emt 00:03:57]} 40. Bd3
{[%clk 00:00:51]} {[%emt 00:01:14]} Ke6 {[%clk 00:08:42]} {[%emt 00:00:31]} 41.
Kg5 {[%clk 00:00:00]} {[%emt 00:01:03]} Ke5 {[%emt 00:00:35]} 42. h4 {[%emt
00:00:13]} Ng8 {[%emt 00:00:29]} 43. h5 {[%emt 00:00:27]} h6 {[%emt 00:00:12]}
44. Kg6 {[%emt 00:00:03]} f4 {[%emt 00:00:06]} 0-1

[Event "Pohár města Říčany 2018"]
[Site "Městské kulturní středisko U labutě"]
[Date "2018.08.25"]
[Round "2.5"]
[White "Svatos, Jan"]
[Black "Blumel, Otto"]
[Result "*"]
[WhiteElo "2264"]
[BlackElo "2019"]
[PlyCount "0"]
[EventDate "2018.08.25"]

1. d4 {[%clk 01:30:58]} d5 {[%clk 01:22:58]} 2. c4 {[%clk 01:31:20]} e6 {[%clk
01:21:50]} 3. Nc3 {[%clk 01:31:37]} c6 {[%clk 01:21:56]} 4. Nf3 {[%clk
01:31:22]} Nf6 {[%clk 01:22:17]} 5. Bg5 {[%clk 01:27:39]} dxc4 {[%clk
01:21:04]} 6. e4 {[%clk 01:28:03]} b5 {[%clk 01:21:26]} 7. e5 {[%clk 01:28:25]}
h6 {[%clk 01:21:49]} 8. Bh4 {[%clk 01:28:53]} g5 9. Nxg5 {[%clk 01:29:12]} Nd5
{[%clk 01:22:32]} 10. Nf3 {[%clk 01:08:43]} Qa5 {[%clk 01:20:10]} 11. Qd2
{[%clk 01:07:14]} Bb4 {[%clk 01:12:45]} {[%emt 00:05:18]} 12. Rc1 {[%clk
01:07:20]} {[%emt 00:00:25]} Nd7 {[%clk 01:10:18]} {[%emt 00:02:56]} 13. Be2
{[%clk 01:06:54]} {[%emt 00:00:57]} Bb7 {[%clk 01:10:37]} {[%emt 00:00:11]} 14.
O-O {[%clk 01:02:58]} {[%emt 00:07:27]} c5 {[%clk 01:10:00]} 15. Ne1 {[%clk
00:48:02]} {[%emt 00:13:33]} Qxa2 {[%clk 01:07:40]} {[%emt 00:02:49]} 16. Bh5
{[%clk 00:39:22]} {[%emt 00:09:11]} cxd4 {[%clk 00:46:48]} {[%emt 00:21:22]} 17.
Qxd4 {[%clk 00:36:10]} {[%emt 00:03:42]} Qxb2 {[%clk 00:44:01]} {[%emt
00:03:16]} 18. Rc2 {[%clk 00:31:09]} {[%emt 00:05:32]} Qxc3 {[%clk 00:37:44]}
{[%emt 00:06:46]} 19. Rxc3 {[%clk 00:31:22]} {[%emt 00:00:17]} Bxc3 {[%clk
00:38:08]} {[%emt 00:00:06]} 20. Qg4 {[%clk 00:19:08]} {[%emt 00:12:45]} Kf8
{[%clk 00:37:27]} {[%emt 00:01:11]} 21. Nf3 {[%clk 00:19:31]} {[%emt 00:00:07]}
Rb8 {[%clk 00:28:12]} {[%emt 00:09:44]} 22. Bxf7 {[%clk 00:11:17]} {[%emt
00:08:44]} Kxf7 {[%clk 00:26:23]} {[%emt 00:02:20]} 23. Qh5+ {[%clk 00:11:43]}
{[%emt 00:00:04]} Kg7 {[%clk 00:25:41]} {[%emt 00:01:12]} 24. Qg4+ {[%clk
00:12:01]} {[%emt 00:00:12]} Kf7 {[%clk 00:25:40]} {[%emt 00:00:32]} 25. Qh5+
{[%clk 00:12:24]} {[%emt 00:00:06]} 1/2-1/2

[Event "Pohár města Říčany 2018"]
[Site "Městské kulturní středisko U labutě"]
[Date "2018.08.25"]
[Round "2.6"]
[White "Polansky, Adam Lubos"]
[Black "Gregor, Jiri"]
[Result "*"]
[WhiteElo "1990"]
[BlackElo "2262"]
[PlyCount "0"]
[EventDate "2018.08.25"]

1. d4 {[%emt 13:21:07]} c5 2. d5 e6 3. Nc3 d6 4. Nf3 Nf6 5. e4 a6 6. a4 Be7 7.
Bc4 e5 8. h3 O-O 9. O-O Nbd7 10. Re1 Ne8 11. Be3 {[%emt 00:00:15]} g6 {[%emt
00:07:32]} 12. Nd2 {[%emt 00:02:10]} b6 {[%emt 00:07:17]} 13. f4 exf4 {[%emt
00:04:50]} 14. Bxf4 {[%emt 00:00:05]} Bf6 {[%emt 00:00:29]} 15. Nf3 {[%emt
00:04:27]} Qe7 16. Qe2 {[%emt 00:04:18]} Ne5 {[%emt 00:01:25]} 17. Nxe5 {[%emt
00:00:08]} Bxe5 {[%emt 00:00:08]} 18. Bxe5 {[%emt 00:00:52]} Qxe5 {[%emt
00:00:15]} 19. Nd1 {[%emt 00:04:48]} Nc7 {[%emt 00:02:06]} 20. c3 {[%emt
00:01:52]} Bd7 {[%emt 00:01:29]} 21. Nf2 {[%emt 00:05:52]} b5 {[%emt 00:02:43]}
22. axb5 {[%emt 00:00:39]} axb5 {[%emt 00:00:11]} 23. Bb3 {[%emt 00:00:31]} c4
{[%emt 00:03:30]} 24. Bc2 {[%emt 00:01:43]} Rxa1 {[%emt 00:00:22]} 25. Rxa1
{[%emt 00:00:10]} Nxd5 {[%emt 00:00:04]} 26. Ra7 {[%emt 00:02:53]} Nf6 {[%emt
00:01:38]} 27. Qd2 {[%emt 00:01:40]} Bc6 {[%emt 00:07:21]} 28. Ra6 {[%emt
00:02:13]} Bxe4 {[%emt 00:04:27]} 29. Bxe4 {[%emt 00:00:21]} Nxe4 {[%emt
00:00:33]} 30. Nxe4 {[%emt 00:00:05]} Qxe4 {[%emt 00:00:22]} 31. Rxd6 {[%emt
00:00:07]} Re8 {[%emt 00:01:51]} 32. Rd5 {[%emt 00:02:37]} Re5 {[%emt
00:01:20]} 33. Rd8+ {[%emt 00:18:59]} Kg7 {[%emt 00:02:23]} 34. Kh2 {[%emt
00:00:06]} h5 {[%emt 00:04:20]} 35. Qf2 {[%emt 00:06:52]} Rf5 {[%emt 00:02:46]}
36. Qd2 {[%emt 00:01:57]} h4 {[%emt 00:04:00]} 37. Rd4 {[%emt 00:02:21]} Qe5+
{[%emt 00:00:07]} 38. Kg1 {[%emt 00:00:05]} g5 {[%emt 00:00:17]} 39. Rg4 {[%emt
00:01:45]} Qc5+ {[%emt 00:03:40]} 40. Kh2 {[%emt 00:00:53]} Rd5 {[%emt
00:01:20]} 41. Rd4 {[%emt 00:01:47]} Rxd4 {[%emt 00:02:09]} 42. cxd4 {[%emt
00:00:55]} Qd6+ {[%emt 00:03:51]} 43. Kg1 {[%emt 00:00:09]} Kf6 {[%emt
00:01:45]} 44. d5 {[%emt 00:01:22]} Qf4 {[%emt 00:00:50]} 45. Qc3+ {[%emt
00:00:06]} Qe5 {[%emt 00:00:23]} 46. Qf3+ {[%emt 00:01:33]} Ke7 {[%emt
00:00:10]} 0-1

[Event "Pohár města Říčany 2018"]
[Site "Městské kulturní středisko U labutě"]
[Date "2018.08.25"]
[Round "2.7"]
[White "Rodshtein, Tereza"]
[Black "Stanek, Ondrej"]
[Result "*"]
[WhiteElo "2256"]
[BlackElo "1966"]
[PlyCount "0"]
[EventDate "2018.08.25"]

1. e4 {[%clk 01:30:58]} e5 {[%clk 01:30:36]} 2. Nf3 {[%clk 01:31:22]} Nc6
{[%clk 01:30:42]} 3. Bb5 {[%clk 01:30:34]} a6 {[%clk 01:30:34]} 4. Ba4 {[%clk
01:31:03]} Nf6 {[%clk 01:30:54]} 5. d4 {[%clk 01:31:18]} Nxe4 {[%clk 01:21:13]}
6. Qe2 {[%clk 01:30:58]} b5 {[%clk 00:54:05]} 7. Qxe4 {[%clk 01:24:21]} {[%emt
00:02:21]} d5 {[%clk 00:50:11]} {[%emt 00:04:25]} 8. Qe3 {[%clk 01:24:09]}
{[%emt 00:00:42]} bxa4 {[%clk 00:50:28]} {[%emt 00:00:13]} 9. Nxe5 {[%clk
01:24:18]} {[%emt 00:00:21]} Nxe5 {[%clk 00:49:43]} {[%emt 00:01:16]} 10. Qxe5+
{[%clk 01:24:46]} {[%emt 00:00:02]} Qe7 {[%clk 00:27:11]} {[%emt 00:23:03]} 11.
Bf4 {[%clk 01:25:03]} {[%emt 00:00:12]} Ra7 {[%clk 00:24:18]} {[%emt 00:03:24]}
12. O-O {[%clk 01:22:54]} {[%emt 00:02:39]} Qxe5 {[%clk 00:24:18]} {[%emt
00:00:30]} 13. Bxe5 {[%clk 01:22:01]} {[%emt 00:01:23]} f6 {[%clk 00:24:00]}
{[%emt 00:00:48]} 14. Bf4 {[%clk 01:22:03]} {[%emt 00:00:27]} Bf5 {[%clk
00:22:37]} {[%emt 00:01:53]} 15. Nc3 {[%clk 01:21:20]} {[%emt 00:01:13]} a3
{[%clk 00:18:09]} {[%emt 00:04:59]} 16. bxa3 {[%clk 01:19:15]} {[%emt
00:02:35]} c6 {[%clk 00:13:59]} {[%emt 00:04:40]} 17. Rab1 {[%clk 01:16:36]}
{[%emt 00:03:09]} Bxc2 {[%clk 00:11:14]} {[%emt 00:03:15]} 18. Rb8+ {[%clk
01:10:28]} {[%emt 00:06:38]} Kf7 {[%clk 00:10:28]} {[%emt 00:01:16]} 19. Rc1
{[%clk 01:08:35]} {[%emt 00:02:24]} Bd3 {[%clk 00:08:23]} {[%emt 00:02:35]} 20.
Re1 {[%clk 01:08:39]} {[%emt 00:00:25]} g5 {[%clk 00:07:51]} {[%emt 00:01:02]}
21. Bd6 {[%clk 01:07:22]} {[%emt 00:01:46]} Bg7 {[%clk 00:05:31]} {[%emt
00:02:51]} 22. Rb6 {[%clk 01:04:42]} {[%emt 00:03:10]} Rc8 {[%clk 00:03:55]}
{[%emt 00:02:06]} 23. Na4 {[%clk 01:04:30]} {[%emt 00:00:41]} f5 {[%clk
00:02:09]} {[%emt 00:02:16]} 24. Bc5 {[%clk 01:03:26]} {[%emt 00:01:33]} Bb5
{[%clk 00:00:40]} {[%emt 00:02:00]} 25. Nb2 {[%clk 01:03:25]} {[%emt 00:00:31]}
a5 {[%clk 00:00:32]} {[%emt 00:00:39]} 26. Rxb5 {[%clk 01:02:17]} {[%emt
00:01:37]} cxb5 {[%clk 00:00:53]} {[%emt 00:00:10]} 27. Bxa7 {[%clk 01:02:43]}
{[%emt 00:00:04]} Rc2 {[%clk 00:01:15]} {[%emt 00:00:07]} 28. Nd3 {[%clk
01:01:43]} {[%emt 00:01:29]} Rxa2 {[%clk 00:01:26]} {[%emt 00:00:20]} 29. Bc5
{[%clk 01:01:43]} {[%emt 00:00:30]} Bf8 {[%clk 00:01:21]} {[%emt 00:00:35]} 30.
Ne5+ {[%clk 01:00:44]} {[%emt 00:01:28]} Kg8 {[%clk 00:01:26]} {[%emt
00:00:25]} 31. Rc1 {[%clk 01:00:39]} {[%emt 00:00:35]} Re2 {[%clk 00:00:41]}
{[%emt 00:01:15]} 32. Kf1 {[%clk 01:00:21]} {[%emt 00:00:48]} Re4 {[%clk
00:01:04]} {[%emt 00:00:08]} 33. f3 {[%clk 00:59:15]} {[%emt 00:01:36]} 1-0

[Event "Pohár města Říčany 2018"]
[Site "Městské kulturní středisko U labutě"]
[Date "2018.08.25"]
[Round "2.8"]
[White "Vavrinec, Tomas"]
[Black "Hrdina, Robin"]
[Result "*"]
[WhiteElo "1986"]
[BlackElo "2219"]
[PlyCount "0"]
[EventDate "2018.08.25"]

1. Nf3 {[%clk 01:30:55]} Nc6 {[%clk 01:30:53]} 2. g3 {[%clk 01:31:02]} e5
{[%clk 01:31:17]} 3. d3 {[%clk 01:31:25]} f5 {[%clk 01:31:14]} 4. c4 {[%clk
01:31:43]} Nf6 {[%clk 01:31:36]} 5. Nc3 {[%clk 01:32:05]} Bb4 {[%clk 01:31:58]}
6. Bg2 {[%clk 01:30:41]} O-O {[%clk 01:32:24]} 7. O-O {[%clk 01:30:50]} Bxc3 8.
bxc3 {[%clk 01:31:13]} d6 {[%clk 01:31:31]} 9. c5 {[%clk 01:22:58]} d5 {[%clk
01:28:13]} 10. Rb1 {[%clk 01:19:25]} Qe8 {[%clk 01:10:22]} 11. Qb3 {[%clk
01:07:37]} {[%emt 00:17:13]} e4 {[%clk 00:47:16]} {[%emt 00:16:50]} 12. dxe4
{[%clk 00:55:20]} {[%emt 00:12:47]} fxe4 {[%clk 00:46:33]} {[%emt 00:01:13]} 13.
Nd4 {[%clk 00:55:41]} {[%emt 00:00:08]} Nxd4 {[%clk 00:38:13]} {[%emt
00:08:50]} 14. cxd4 {[%clk 00:55:01]} {[%emt 00:01:10]} c6 {[%clk 00:38:36]}
{[%emt 00:00:08]} 15. Bg5 Qg6 {[%clk 00:38:36]} 16. Bxf6 Qxf6 {[%clk 00:38:36]}
17. Rbd1 Qe7 {[%clk 00:38:36]} 18. f3 Bf5 {[%clk 00:38:36]} 19. Qe3 Rae8 {[%clk
00:38:36]} 20. f4 b6 {[%clk 00:38:36]} 21. Rc1 Qd7 {[%clk 00:38:36]} 22. Qc3
Rc8 {[%clk 00:38:36]} 23. Qb4 Rb8 {[%clk 00:38:36]} 24. Qa3 Ra8 {[%clk
00:38:36]} 25. Qa4 Rfc8 {[%clk 00:38:36]} 26. Rc3 Qc7 {[%clk 00:38:36]} 27.
Rfc1 b5 {[%clk 00:38:36]} 28. Qb3 a5 {[%clk 00:38:36]} 29. a3 Rcb8 {[%clk
00:38:36]} 30. Re3 Kh8 {[%clk 00:38:36]} 31. Qd1 Bc8 {[%clk 00:38:36]} 32. Rb1
b4 {[%clk 00:38:36]} 33. Reb3 bxa3 {[%clk 00:38:36]} 1/2-1/2

[Event "Pohár města Říčany 2018"]
[Site "Městské kulturní středisko U labutě"]
[Date "2018.08.25"]
[Round "2.9"]
[White "Hollan, Petr"]
[Black "Lhotsky, Zdenek"]
[Result "1-0"]
[WhiteElo "2179"]
[BlackElo "1923"]
[PlyCount "0"]
[EventDate "2018.08.25"]

1. e4 c5 2. Nf3 d6 3. d4 cxd4 4. Nxd4 Nf6 5. Nc3 a6 6. Bg5 Nbd7 7. Qe2 Qc7
8. O-O-O e6 9. f4 Be7 10. g4 b5 11. a3 Nb6 12. f5 Bd7 13. h4 h6 14. Bxf6 Bxf6
15. Rh3 Nc4 16. g5 hxg5 17. hxg5 Bxg5+ 18. Kb1 Rxh3 19. Bxh3 Ke7 20. fxe6 Bxe6
21. Bxe6 fxe6 22. Qg4 Kf6 23. Qxg5+ Kf7 24. Rh1 1-0